| 000 | 01058cam a22003137a 4500 | ||
|---|---|---|---|
| 003 | CHAP | ||
| 005 | 20220817042015.0 | ||
| 008 | 971013s1965 r 00010 d | ||
| 010 | _a31633 | ||
| 011 | _a32605 | ||
| 035 | _a36720 | ||
| 040 | _cCHAP | ||
| 090 | _aFolleto 5611 | ||
| 100 | 0 | 0 |
_aLópez Borderías, Antonio. _967718 |
| 245 | 0 | _aConservación de insectos y plantas en bloques de plástico | |
| 260 |
_aMadrid : _bMinisterio de Agricultura, _c1965 |
||
| 300 |
_a19 p. _b: ilus. |
||
| 490 | 0 |
_aMinisterio de Agricultura. Hojas divulgadoras _v; 19-65 |
|
| 590 |
_aBATCH-UPD _b10 _c20130110 _lUCH01 _h1758 |
||
| 590 |
_aBATCH-UPD _b10 _c20130410 _lUCH01 _h1135 |
||
| 590 |
_aBATCH-UPD _b10 _c20130914 _lUCH01 _h1646 |
||
| 590 |
_aCONVERSION _b10 _c20130109 _lUCH01 _h1318 |
||
| 650 | 1 | 4 |
_aInsectos _xColección y preservación. _958905 |
| 650 | 1 | 4 |
_aPlantas _xColección y preservación. |
| 830 | 0 |
_aMinisterio de Agricultura. Hojas divulgadoras _v; 19-65 |
|
| 901 | _aBK | ||
| 942 | _cFOLL | ||
| 949 |
_aFolleto 5611 _bBC _cFOLL _d-84513 _eTS1 _i36720 _si |
||
| 999 |
_c31633 _d31633 |
||